000 00652nam a22002297a 4500
003 0
005 20180705110227.0
008 0
010 _aB-159014
020 _c00.00
035 _aB-159014, B-159018
037 _bCen Lib/Ret
040 _aDPL
_bEN
_c0
082 _a651.752
_bKLE
100 _aKleiser, Grenville
_919159
245 _aExploring business letters /
_cby Grenville Kleiser
260 _aNew Delhi
_bA.P.H.Publishing Corporation
_c2005
270 _bNew Delhi
_a5, Ansari Road, Daryaganj
_e110002
300 _axviii, 230p.
_c20cm(Hb)
650 _aLetters-Business.
_919160
942 _2ddc
_cEN
_h651.752
_mKLE
999 _c127023
_d127023